Sports Quiz

Random Sports Quiz

What Year is This? Sports Edition Quiz Stats

 Plays Quiz not verified by Sporcle

Support Sporcle.
Go Orange.
Score 0/44 Timer 07:00
0 Plays Today
Champions Year % Correct
MLB: Arizona Diamondbacks - NBA: Los Angeles Lakers - NFL: Baltimore Ravens - NHL: Colorado Avalanche2001
90.7%
MLB: Florida Marlins - NBA: Chicago Bulls - NFL: Green Bay Packers - NHL: Detroit Red Wings1997
90.2%
MLB: Boston Red Sox - NBA: San Antonio Spurs - NFL: Indianapolis Colts - NHL: Anaheim Ducks2007
89.2%
MLB: San Francisco Giants - NBA: Los Angeles Lakers - NFL: New Orleans Saints - NHL: Chicago Blackhawks2010
89%
MLB: New York Yankees - NBA: San Antonio Spurs - NFL: Denver Broncos - NHL: Dallas Stars1999
88.7%
MLB: Anaheim Angels - NBA: Los Angeles Lakers - NFL: New England Patriots - NHL: Detroit Red Wings2002
88.7%
MLB: Chicago White Sox - NBA: San Antonio Spurs - NFL: New England Patriots - NHL: None2005
88.5%
MLB: New York Yankees - NBA: Chicago Bulls - NFL: Dallas Cowboys - NHL: Colorado Avalanche1996
88.2%
MLB: New York Yankees - NBA: Chicago Bulls - NFL: Denver Broncos - NHL: Detroit Red Wings1998
88.2%
MLB: Florida Marlins - NBA: San Antonio Spurs - NFL: Tampa Bay Buccaneers - NHL: New Jersey Devils2003
88.2%
MLB: Boston Red Sox - NBA: Detroit Pistons - NFL: New England Patriots - NHL: Tampa Bay Lightning2004
88.2%
MLB: None - NBA: Houston Rockets - NFL: Dallas Cowboys - NHL: New York Rangers1994
87.3%
MLB: St. Louis Cardinals - NBA: Miami Heat - NFL: Pittsburgh Steelers - NHL: Carolina Hurricanes2006
87%
MLB: Philadelphia Phillies - NBA: Boston Celtics - NFL: New York Giants - NHL: Detroit Red Wings2008
87%
MLB: Atlanta Braves - NBA: Houston Rockets - NFL: San Francisco 49ers - NHL: New Jersey Devils1995
86.5%
MLB: Toronto Blue Jays - NBA: Chicago Bulls - NFL: Washington Redskins - NHL: Pittsburgh Penguins1992
86.3%
MLB: New York Yankees - NBA: Los Angeles Lakers - NFL: Pittsburgh Steelers - NHL: Pittsburgh Penguins2009
86%
MLB: Minnesota Twins - NBA: Chicago Bulls - NFL: New York Giants - NHL: Pittsburgh Penguins1991
85.8%
MLB: New York Yankees - NBA: Los Angeles Lakers - NFL: St. Louis Rams - NHL: New Jersey Devils2000
85.8%
MLB: Toronto Blue Jays - NBA: Chicago Bulls - NFL: Dallas Cowboys - NHL: Montreal Canadiens1993
84.8%
MLB: New York Mets - NBA: Boston Celtics - NFL: Chicago Bears - NHL: Montreal Canadiens1986
84.6%
MLB: Cincinnati Reds - NBA: Detroit Pistons - NFL: San Francisco 49ers - NHL: Edmonton Oilers1990
83.1%
Champions Year % Correct
MLB: New York Mets - NBA: Boston Celtics - NFL: New York Jets - NHL: Montreal Canadiens1969
81.6%
MLB: Kansas City Royals - NBA: Los Angeles Lakers - NFL: San Francisco 49ers - NHL: Edmonton Oilers1985
81.6%
MLB: Oakland Athletics - NBA: New York Knicks - NFL: Miami Dolphins - NHL: Montreal Canadiens1973
81.1%
MLB: Oakland Athletics - NBA: Detroit Pistons - NFL: San Francisco 49ers - NHL: Calgary Flames1989
81.1%
MLB: St. Louis Cardinals - NBA: Philadelphia 76ers - NFL: Green Bay Packers - NHL: Toronto Maple Leafs1967
80.4%
MLB: Baltimore Orioles - NBA: Philadelphia 76ers - NFL: Washington Redskins - NHL: New York Islanders1983
79.9%
MLB: Minnesota Twins - NBA: Los Angeles Lakers - NFL: New York Giants - NHL: Edmonton Oilers1987
79.9%
MLB: Oakland Athletics - NBA: Boston Celtics - NFL: Miami Dolphins - NHL: Philadelphia Flyers1974
79.7%
MLB: Philadelphia Phillies - NBA: Los Angeles Lakers - NFL: Pittsburgh Steelers - NHL: New York Islanders1980
79.7%
MLB: Cincinnati Reds - NBA: Golden State Warriors - NFL: Pittsburgh Steelers - NHL: Philadelphia Flyers1975
79.4%
MLB: St. Louis Cardinals - NBA: Los Angeles Lakers - NFL: San Francisco 49ers - NHL: New York Islanders1982
79.2%
MLB: Cincinnati Reds - NBA: Boston Celtics - NFL: Pittsburgh Steelers - NHL: Montreal Canadiens1976
78.9%
MLB: Pittsburgh Pirates - NBA: Milwaukee Bucks - NFL: Baltimore Colts - NHL: Montreal Canadiens1971
78.7%
MLB: Los Angeles Dodgers - NBA: Boston Celtics - NFL: Oakland Raiders - NHL: New York Islanders1981
78.7%
MLB: Los Angeles Dodgers - NBA: Los Angeles Lakers - NFL: Washington Redskins - NHL: Edmonton Oilers1988
77.9%
MLB: Baltimore Orioles - NBA: New York Knicks - NFL: Kansas City Chiefs - NHL: Boston Bruins1970
77.7%
MLB: Pittsburgh Pirates - NBA: Seattle SuperSonics - NFL: Pittsburgh Steelers - NHL: Montreal Canadiens1979
77.5%
MLB: Detroit Tigers - NBA: Boston Celtics - NFL: Oakland Raiders - NHL: Edmonton Oilers1984
77.5%
MLB: Detroit Tigers - NBA: Boston Celtics - NFL: Green Bay Packers - NHL: Montreal Canadiens1968
76.5%
MLB: New York Yankees - NBA: Portland Trail Blazers - NFL: Oakland Raiders - NHL: Montreal Canadiens1977
76.2%
MLB: New York Yankees - NBA: Washington Bullets - NFL: Dallas Cowboys - NHL: Montreal Canadiens1978
74.8%
MLB: Oakland Athletics - NBA: Los Angeles Lakers - NFL: Dallas Cowboys - NHL: Boston Bruins1972
73.5%

You're not logged in!

Compare scores with friends on all Sporcle quizzes.
OR
Log In

From the Vault

US Cities Ending in... III

by Onno

We'll save you the trouble, Gotham is not an answer.
Remove Ads.
Support Sporcle.
Get the best of Sporcle when you Go Orange. This ad-free experience offers more features, more stats, and more fun while also helping to support Sporcle. Thank you for becoming a member.

Show Comments

Extras

Created Feb 15, 2011ReportNominate
Tags:champion, Edition, League, major

Top Quizzes Today


Score Distribution

Your Account Isn't Verified!

In order to create a playlist on Sporcle, you need to verify the email address you used during registration. Go to your Sporcle Settings to finish the process.

Report this User

Report this user for behavior that violates our Community Guidelines.

Details: